|
|
|
|
| LEADER |
00000nab a2200000 a 4500 |
| 001 |
vtls008994096 |
| 003 |
SK-MaSNL |
| 005 |
20260304144913.0 |
| 008 |
250505c2007 xo |||||||||||000 b|slo |
| 015 |
|
|
|a SNBRB2007/05
|2 snkbucl
|
| 035 |
|
|
|a (uuid)fd88a32d-d878-4d4d-8b63-e225ea8f1167
|
| 035 |
|
|
|a urn:nbn:sk:snk-ab10bh
|
| 035 |
|
|
|a (urnnbn)urn:nbn:sk:snk:ar-a04ktu
|
| 038 |
|
|
|a SNKBUCL
|
| 040 |
|
|
|a SNKBUCL
|b slo
|c SNKBUCL
|e AACR2
|
| 041 |
0 |
|
|a slo
|
| 044 |
|
|
|a xo
|c SK
|
| 080 |
|
|
|a 633.85
|2 1997
|
| 100 |
1 |
|
|a Zubal, Pavel
|4 aut
|9 5384
|
| 245 |
1 |
0 |
|a Minuloročný český rekordér v úrode slnečnice hospodári v okolí Brna
|c zapísal Pavol Zubal
|
| 300 |
|
|
|b Fotogr.
|
| 650 |
0 |
7 |
|a slnečnice
|2 snkbucl
|9 27506
|
| 650 |
0 |
7 |
|a pestovanie poľných rastlín
|2 snkbucl
|9 31784
|
| 650 |
0 |
7 |
|a pestovanie úžitkových rastlín
|2 snkbucl
|9 346749
|
| 700 |
1 |
|
|a Stejskal, Pavel
|4 aut
|9 515819
|
| 773 |
0 |
|
|t Naše pole
|g Roč. XI, č. 3 (2007), s. 12-13
|x 1335-2466
|
| 850 |
|
|
|a Slovenská národná knižnica
|
| 852 |
|
|
|a Slovenská národná knižnica
|
| 954 |
|
|
|a odborná, vedecká literatúra pôvodná (slovenská)
|2 lita
|
| 958 |
|
|
|a article27
|
| 958 |
|
|
|a OND
|
| 958 |
|
|
|a EUIPO
|
| 999 |
|
|
|c 2933856
|d 2935786
|